000
00282nam a2200109 4500
245
_a
Selected philosophical works
_c
Georgi Plekhanov
100
_a
Plekhanov, Georgi
260
_a
2nd ed.
_b
Moscow
_c
Progress Publishers
300
_a
1974
490
_a
v.; 22cm.
082
_a
335.401
_b
PLE
999
_c
35639
_d
35639